Cards in Exploding Kittens: Party Pack Edition - Statistics

General Stats
  • This quiz has been taken 36 times
  • The average score is 11 of 17
Answer Stats
Role of Each Card Cards % Correct
You play this very important card if you draw the below card, and reshuffle that said card back into the deck. Every player gets one of these at the beginning of each game. Defuse
96%
If you do not have the above card, then you blow up, ending your turn for the entire game. Exploding Kitten
92%
You reject someone else's turn or play with this card. Nope
88%
You get to pass your turn playing this card. Skip
88%
If you draw this card, put it back in the deck face up. If someone draws it for the second time, it ends their turn for the entire game. Imploding Kitten
69%
You shuffle the deck in a random order without looking at the cards. Shuffle
69%
You secretly view the top three cards of the deck. See the Future
62%
You secretly alter the top three cards of the deck. Alter the Future
58%
You take a hit on another player, which forces them to draw two cards. Attack
58%
This card has a lot of facial hair... Beard Cat
58%
This card vomits multicolored-rainbows. Rainbow Ralphing Cat
54%
You draw a card from the bottom of the deck. Draw from the Bottom
50%
You ask another player for a card of their choice. Favor
50%
This card is an example of one of the most famous palindromes in existence. Tacocat
46%
This card you might find in Idaho, however, it also has a lot of facial hair... Hairy Potato Cat
42%
This card is in the form of something you might enjoy at a summer picnic. Cattermelon
38%
This card can be played as any cat card. It might have rabies... Feral Cat
38%
No matching quizzes found
Score Distribution
Percent of People with Each Score
Percentile by Number Answered
Your Score History
You have not taken this quiz